HAVELLS THE UNTOLD STORY OF QIMAT RAI GUPTA (Record no. 1309830)

MARC details
000 -LEADER
fixed length control field 00429nam a22001577a 4500
003 - CONTROL NUMBER IDENTIFIER
control field OSt
005 - DATE AND TIME OF LATEST TRANSACTION
control field 20250508151000.0
008 - FIXED-LENGTH DATA ELEMENTS--GENERAL INFORMATION
fixed length control field 250430b |||||||| |||| 00| 0 eng d
020 ## - INTERNATIONAL STANDARD BOOK NUMBER
International Standard Book Number 9780670088812
040 ## - CATALOGING SOURCE
Transcribing agency RDA
100 ## - MAIN ENTRY--PERSONAL NAME
Personal name GUPTA,ANIL RAI.,
Relator term AUTHOR
9 (RLIN) 753572
245 ## - TITLE STATEMENT
Title HAVELLS THE UNTOLD STORY OF QIMAT RAI GUPTA
Statement of responsibility, etc. By Anil Rai Gupta
260 ## - PUBLICATION, DISTRIBUTION, ETC.
Place of publication, distribution, etc. NEW DELHI
Name of publisher, distributor, etc. PENGUIN
Date of publication, distribution, etc. 2018
300 ## - PHYSICAL DESCRIPTION
Extent xiii,281P
942 ## - ADDED ENTRY ELEMENTS (KOHA)
Source of classification or shelving scheme Colon Classification (CC)
Koha item type General Books
Suppress in OPAC No
Holdings
Withdrawn status Lost status Source of classification or shelving scheme Damaged status Not for loan Home library Current library Shelving location Date acquired Cost, normal purchase price Total Checkouts Full call number Barcode Date last seen Price effective from Koha item type
    Colon Classification (CC)     Faculty of Management Library Faculty of Management Library General Stacks 2019-03-15 599.00   0111 Q6 ML1635112 2025-04-30 2025-04-30 General Books
Copyright @ Delhi University Library System